000 00696nam a22002177a 4500
003 OSt
005 20251210030616.0
008 251210b |||||||| |||| 00| 0 eng d
020 _a9718581561
040 _aDWCL - Main
_cOC
082 _aFil. 516.242 C352m 2003
100 _aCastillo, Aida C.
_eAuthor
245 _aModules in plane trigonometry /
_bAida C. Castillo [and two others]
260 _aQuezon City, Philippines:
_bGreat Books Trading,
_cc2003.
300 _av, 133 p.;
_c23 cm.
504 _aIncludes bibliographical references.
650 _a1. Trigonometry.
700 _aI. Reyes, Myrna D.
_eAuthor
700 _aII. Bhagwani, Ernie T.
_eEditor
942 _2ddc
_cBK - FIL
_n0
999 _c7009
_d7009